[Event "Kupreichik Memorial Rapid 2019"]
[Site "Minsk"]
[Date "2019.08.16"]
[Round "6.15"]
[White "Sarbay, Aleksandr"]
[Black "Pakhomov, Alexey"]
[Result "0-1"]
[WhiteElo "2115"]
[BlackElo "2315"]
[Annotator "NA"]
[PlyCount "78"]
[EventDate "2019.08.15"]
[EventType "swiss"]
[EventCountry "BLR"]
[SourceTitle "playchess.com"]
[Source "ChessBase"]
[SourceQuality "1"]
[TimeControl "900+10"]

1. e4 {[%emt 0:00:00]} d5 {[%emt 0:00:00]} 2. exd5 {[%emt 0:00:03]} Qxd5 {[%emt 0:00:00]} 3. Nc3 {[%emt 0:00:06]} Qd6 {[%emt 0:00:00]} 4. d4 {[%emt 0:01:51]} a6 {[%emt 0:00:00]} 5. Bc4 {[%emt 0:02:23]} Nf6 {[%emt 0:00:13]} 6. Nge2 {[%emt 0:00:10]} b5 {[%emt 0:00:27]} 7. Bb3 {[%emt 0:01:00]} Bb7 {[%emt 0:00:47]} 8. Bf4 {[%emt 0:00:27]} Qd8 {[%emt 0:01:42]} 9. d5 {[%emt 0:01:18]} c5 {[%emt 0:01:41]} 10. dxc6 {[%emt 0:00:10]} Nxc6 {[%emt 0:00:07]} 11. O-O {[%emt 0:00:56]} e6 {[%emt 0:00:02]} 12. Qxd8+ {[%emt 0:00:18]} Rxd8 {[%emt 0:00:18]} 13. Rad1 {[%emt 0:00:04]} Rc8 {[%emt 0:00:49]} 14. Bg5 {[%emt 0:01:50]} Be7 {[%emt 0:00:20]} 15. Bxf6 {[%emt 0:00:04]} gxf6 {[%emt 0:01:07]} 16. Ne4 {[%emt 0:00:37]} Rd8 {[%emt 0:00:28]} 17. c3 {[%emt 0:01:22]} f5 {[%emt 0:00:24]} 18. N4g3 {[%emt 0:00:17]} O-O {[%emt 0:00:30]} 19. Nf4 {[%emt 0:00:43]} Bc8 {[%emt 0:01:25]} 20. a4 {[%emt 0:00:47]} Na5 {[%emt 0:00:08]} 21. Bc2 {[%emt 0:00:16]} b4 {[%emt 0:00:49]} 22. cxb4 {[%emt 0:00:26]} Bxb4 {[%emt 0:00:02]} 23. Nd3 {[%emt 0:00:38]} Bd6 {[%emt 0:00:20]} 24. b4 {[%emt 0:00:14]} Nc6 {[%emt 0:00:02]} 25. b5 {[%emt 0:00:58]} Nd4 {[%emt 0:00:02]} 26. Bb1 {[%emt 0:00:27]} axb5 {[%emt 0:00:05]} 27. axb5 {[%emt 0:00:02]} Nxb5 {[%emt 0:00:02]} 28. Nh5 {[%emt 0:00:11]} Nc3 {[%emt 0:00:09]} 29. Rd2 {[%emt 0:00:24]} Ba6 {[%emt 0:02:00]} 30. Bc2 {[%emt 0:00:16]} Be7 {[%emt 0:00:18]} 31. Ra1 {[%emt 0:00:43]} Bb5 {[%emt 0:00:15]} 32. Ra7 {[%emt 0:00:17]} Ra8 {[%emt 0:00:46]} 33. Rxa8 Rxa8 {[%emt 0:00:02]} 34. f3 {[%emt 0:00:38]} Bg5 {[%emt 0:00:32]} 35. f4 {[%emt 0:00:04]} Bd8 {[%emt 0:00:16]} 36. h3 {[%emt 0:00:35]} Bb6+ {[%emt 0:00:02]} 37. Kh2 {[%emt 0:00:03]} Be3 {[%emt 0:00:04]} 38. Rf2 {[%emt 0:00:25]} Bxf2 {[%emt 0:00:10]} 39. Nxf2 {[%emt 0:00:01]} Ra2 {[%emt 0:00:01]} 0-1

[Event "Kupreichik Memorial Rapid 2019"]
[Site "Minsk"]
[Date "2019.08.16"]
[Round "6.16"]
[White "Kochetkov, Vitali"]
[Black "Kiryliuk, Ilya"]
[Result "1/2-1/2"]
[WhiteElo "2266"]
[BlackElo "1948"]
[Annotator "NA"]
[PlyCount "56"]
[EventDate "2019.08.15"]
[EventType "swiss"]
[EventCountry "BLR"]
[SourceTitle "playchess.com"]
[Source "ChessBase"]
[SourceQuality "1"]
[TimeControl "900+10"]

1. d4 {[%emt 0:00:00]} Nf6 {[%emt 0:00:00]} 2. Nf3 {[%emt 0:00:00]} d5 {[%emt 0:00:00]} 3. c4 {[%emt 0:00:01]} e6 {[%emt 0:00:00]} 4. g3 {[%emt 0:00:08]} Be7 {[%emt 0:00:02]} 5. Bg2 {[%emt 0:00:02]} O-O {[%emt 0:00:02]} 6. O-O {[%emt 0:00:04]} dxc4 {[%emt 0:01:08]} 7. Qa4 {[%emt 0:00:16]} Bd7 {[%emt 0:00:26]} 8. Qxc4 {[%emt 0:00:05]} Bc6 {[%emt 0:00:02]} 9. Nc3 {[%emt 0:00:23]} Nbd7 {[%emt 0:00:03]} 10. Rd1 {[%emt 0:00:30]} Nb6 {[%emt 0:00:03]} 11. Qd3 {[%emt 0:00:21]} Na4 {[%emt 0:03:30]} 12. Nxa4 {[%emt 0:01:45]} Bxa4 {[%emt 0:00:02]} 13. b3 {[%emt 0:00:09]} Bc6 {[%emt 0:00:01]} 14. Bg5 {[%emt 0:00:25]} Be4 {[%emt 0:00:12]} 15. Qe3 {[%emt 0:00:43]} Qd5 {[%emt 0:00:11]} 16. Bxf6 {[%emt 0:01:13]} Bxf6 {[%emt 0:00:04]} 17. Rac1 {[%emt 0:00:02]} Bxf3 {[%emt 0:03:41]} 18. Bxf3 {[%emt 0:00:05]} Qa5 {[%emt 0:00:01]} 19. Qc3 {[%emt 0:00:43]} Qxc3 {[%emt 0:00:10]} 20. Rxc3 {[%emt 0:00:06]} c6 {[%emt 0:00:01]} 21. e3 {[%emt 0:00:45]} a5 {[%emt 0:00:21]} 22. Rc4 {[%emt 0:00:26]} Rfd8 {[%emt 0:00:12]} 23. Rdc1 {[%emt 0:00:11]} g6 {[%emt 0:00:10]} 24. h4 {[%emt 0:00:22]} h5 {[%emt 0:00:35]} 25. Rc5 {[%emt 0:00:09]} Be7 {[%emt 0:00:05]} 26. R5c4 {[%emt 0:00:05]} Kg7 {[%emt 0:00:07]} 27. Kg2 {[%emt 0:00:01]} Kf6 {[%emt 0:00:15]} 28. R1c2 {[%emt 0:00:17]} Bb4 {[%emt 0:00:15]} 1/2-1/2

[Event "Kupreichik Memorial Rapid 2019"]
[Site "Minsk"]
[Date "2019.08.16"]
[Round "6.17"]
[White "Romanovskij, Nikita"]
[Black "Maryasin, Boris"]
[Result "0-1"]
[WhiteElo "1869"]
[BlackElo "2302"]
[Annotator "NA"]
[PlyCount "86"]
[EventDate "2019.08.15"]
[EventType "swiss"]
[EventCountry "BLR"]
[SourceTitle "playchess.com"]
[Source "ChessBase"]
[SourceQuality "1"]
[TimeControl "900+10"]

1. d4 {[%emt 0:00:00]} d5 {[%emt 0:00:00]} 2. c4 {[%emt 0:00:00]} dxc4 {[%emt 0:00:00]} 3. Nf3 {[%emt 0:00:04]} Nf6 {[%emt 0:00:00]} 4. e3 {[%emt 0:00:02]} b5 {[%emt 0:00:00]} 5. a4 {[%emt 0:00:23]} b4 {[%emt 0:00:00]} 6. Bxc4 {[%emt 0:00:03]} e6 {[%emt 0:00:00]} 7. O-O {[%emt 0:00:09]} Bb7 {[%emt 0:00:03]} 8. Qe2 {[%emt 0:00:19]} Be7 {[%emt 0:00:11]} 9. a5 {[%emt 0:00:48]} O-O {[%emt 0:00:26]} 10. Nbd2 {[%emt 0:00:25]} c5 {[%emt 0:00:33]} 11. dxc5 {[%emt 0:01:13]} Nbd7 {[%emt 0:00:03]} 12. a6 {[%emt 0:02:33]} Bxf3 {[%emt 0:00:24]} 13. Nxf3 {[%emt 0:00:14]} Nxc5 {[%emt 0:00:07]} 14. Rd1 {[%emt 0:00:53]} Qb6 {[%emt 0:00:03]} 15. b3 {[%emt 0:00:05]} Nfe4 {[%emt 0:00:33]} 16. Bb2 {[%emt 0:00:15]} Bf6 {[%emt 0:00:05]} 17. Bxf6 {[%emt 0:00:42]} Nxf6 {[%emt 0:00:02]} 18. Rd4 {[%emt 0:00:30]} Rad8 {[%emt 0:00:49]} 19. Rad1 {[%emt 0:00:31]} Rxd4 {[%emt 0:00:18]} 20. Rxd4 {[%emt 0:00:06]} Nfe4 {[%emt 0:00:38]} 21. Qc2 {[%emt 0:01:02]} Nc3 {[%emt 0:00:39]} 22. Rh4 {[%emt 0:00:27]} g6 {[%emt 0:00:14]} 23. Qd2 {[%emt 0:03:18]} Nxa6 {[%emt 0:01:28]} 24. Bxa6 {[%emt 0:00:50]} Qxa6 {[%emt 0:00:03]} 25. Rxb4 {[%emt 0:00:07]} Nd5 {[%emt 0:00:46]} 26. Rc4 {[%emt 0:00:57]} Rb8 {[%emt 0:00:38]} 27. Qd1 {[%emt 0:00:45]} Rxb3 {[%emt 0:00:22]} 28. Rc1 {[%emt 0:00:42]} Qd3 {[%emt 0:00:33]} 29. Qxd3 {[%emt 0:00:53]} Rxd3 {[%emt 0:00:02]} 30. Ra1 {[%emt 0:00:01]} Nc3 {[%emt 0:00:11]} 31. Kf1 {[%emt 0:00:22]} Rd1+ {[%emt 0:00:14]} 32. Rxd1 {[%emt 0:00:01]} Nxd1 33. Ke2 Nc3+ {[%emt 0:00:04]} 34. Kd3 {[%emt 0:00:01]} Nd5 {[%emt 0:00:03]} 35. Kc4 {[%emt 0:00:05]} Kg7 {[%emt 0:00:14]} 36. Nd4 {[%emt 0:00:48]} a5 {[%emt 0:00:27]} 37. e4 {[%emt 0:00:29]} Nf4 {[%emt 0:00:26]} 38. g3 {[%emt 0:00:01]} Nh3 {[%emt 0:00:01]} 39. f4 {[%emt 0:00:05]} g5 {[%emt 0:00:20]} 40. fxg5 {[%emt 0:00:59]} Nxg5 {[%emt 0:00:02]} 41. e5 {[%emt 0:00:01]} Kg6 {[%emt 0:00:34]} 42. g4 {[%emt 0:00:07]} Ne4 {[%emt 0:00:18]} 43. Ne2 {[%emt 0:00:42]} Kg5 {[%emt 0:00:11]} 0-1

[Event "Kupreichik Memorial Rapid 2019"]
[Site "Minsk"]
[Date "2019.08.16"]
[Round "6.18"]
[White "Kochetkov, German"]
[Black "Tyurin, Artem"]
[Result "1-0"]
[WhiteElo "2277"]
[BlackElo "2057"]
[Annotator "NA"]
[PlyCount "73"]
[EventDate "2019.08.15"]
[EventType "swiss"]
[EventCountry "BLR"]
[SourceTitle "playchess.com"]
[Source "ChessBase"]
[SourceQuality "1"]
[TimeControl "900+10"]

1. f4 {[%emt 0:00:00]} d5 {[%emt 0:00:13]} 2. Nf3 {[%emt 0:00:00]} Nf6 {[%emt 0:00:16]} 3. g3 {[%emt 0:00:00]} c5 {[%emt 0:00:09]} 4. Bg2 {[%emt 0:00:00]} Nc6 {[%emt 0:00:02]} 5. O-O {[%emt 0:00:02]} e6 {[%emt 0:00:34]} 6. d3 {[%emt 0:00:03]} Be7 {[%emt 0:00:25]} 7. Nc3 {[%emt 0:00:06]} d4 {[%emt 0:00:22]} 8. Nb5 {[%emt 0:00:05]} O-O {[%emt 0:00:11]} 9. c4 {[%emt 0:00:11]} a6 {[%emt 0:00:35]} 10. Na3 {[%emt 0:00:03]} Qc7 {[%emt 0:00:30]} 11. Nc2 {[%emt 0:00:27]} b6 {[%emt 0:00:20]} 12. a3 {[%emt 0:00:20]} Bb7 {[%emt 0:00:04]} 13. Rb1 {[%emt 0:00:02]} b5 {[%emt 0:00:53]} 14. b3 {[%emt 0:00:04]} Rad8 {[%emt 0:00:22]} 15. Bd2 {[%emt 0:00:11]} Rfe8 {[%emt 0:00:11]} 16. Qe1 {[%emt 0:00:15]} Nd7 {[%emt 0:01:32]} 17. e4 {[%emt 0:02:11]} dxe3 {[%emt 0:00:23]} 18. Bxe3 {[%emt 0:00:02]} Bf6 {[%emt 0:00:16]} 19. Qf2 {[%emt 0:00:10]} e5 {[%emt 0:00:39]} 20. Nd2 {[%emt 0:03:00]} Nd4 {[%emt 0:02:21]} 21. Bxd4 {[%emt 0:01:11]} cxd4 {[%emt 0:03:10]} 22. Bxb7 {[%emt 0:00:06]} Qxb7 23. Ne4 {[%emt 0:00:09]} exf4 {[%emt 0:00:19]} 24. Nd6 {[%emt 0:02:13]} fxg3 {[%emt 0:00:56]} 25. hxg3 {[%emt 0:00:04]} Qb6 {[%emt 0:00:47]} 26. Nxe8 {[%emt 0:00:08]} Rxe8 {[%emt 0:00:01]} 27. Nb4 {[%emt 0:00:25]} Qd6 {[%emt 0:01:09]} 28. Rbe1 {[%emt 0:01:54]} Rf8 {[%emt 0:01:22]} 29. Kg2 {[%emt 0:00:35]} a5 {[%emt 0:00:20]} 30. Nd5 {[%emt 0:00:30]} Qxa3 {[%emt 0:00:18]} 31. Qf5 {[%emt 0:00:06]} Qd6 {[%emt 0:00:25]} 32. Nxf6+ {[%emt 0:01:43]} Nxf6 {[%emt 0:00:07]} 33. Qxb5 {[%emt 0:00:01]} Ng4 {[%emt 0:00:29]} 34. Rf4 {[%emt 0:00:49]} Ne3+ {[%emt 0:00:12]} 35. Kf3 {[%emt 0:00:12]} Rb8 {[%emt 0:00:37]} 36. Rxd4 {[%emt 0:01:24]} Qc7 {[%emt 0:00:17]} 37. Rxe3 {[%emt 0:00:07]} 1-0

[Event "Kupreichik Memorial Rapid 2019"]
[Site "Minsk"]
[Date "2019.08.16"]
[Round "6.19"]
[White "Svjatocho, Andrej"]
[Black "Tsaruk, Maksim"]
[Result "0-1"]
[WhiteElo "1995"]
[BlackElo "2230"]
[Annotator "NA"]
[PlyCount "44"]
[EventDate "2019.08.15"]
[EventType "swiss"]
[EventCountry "BLR"]
[SourceTitle "playchess.com"]
[Source "ChessBase"]
[SourceQuality "1"]
[TimeControl "900+10"]

1. e4 {[%emt 0:00:00]} e5 {[%emt 0:00:00]} 2. Nf3 {[%emt 0:00:00]} Nc6 {[%emt 0:00:00]} 3. d4 {[%emt 0:00:00]} exd4 {[%emt 0:00:00]} 4. Nxd4 {[%emt 0:00:00]} Bc5 {[%emt 0:00:00]} 5. Nxc6 {[%emt 0:00:06]} Qf6 {[%emt 0:00:00]} 6. Qd2 {[%emt 0:00:02]} bxc6 {[%emt 0:02:07]} 7. Nc3 {[%emt 0:00:37]} Rb8 {[%emt 0:01:19]} 8. Bd3 {[%emt 0:00:52]} Ne7 {[%emt 0:00:05]} 9. O-O {[%emt 0:00:17]} O-O {[%emt 0:00:23]} 10. Kh1 {[%emt 0:01:59]} Bd4 {[%emt 0:07:31]} 11. Nd1 {[%emt 0:01:57]} d5 {[%emt 0:00:07]} 12. exd5 {[%emt 0:01:06]} cxd5 {[%emt 0:00:02]} 13. c3 {[%emt 0:00:21]} Be5 {[%emt 0:00:29]} 14. b3 {[%emt 0:02:05]} h6 {[%emt 0:00:02]} 15. f4 {[%emt 0:00:48]} Bd6 {[%emt 0:00:01]} 16. Bb2 {[%emt 0:00:45]} c5 {[%emt 0:00:58]} 17. Ba3 {[%emt 0:01:46]} Ng6 {[%emt 0:01:53]} 18. Bxg6 {[%emt 0:01:17]} Qxg6 {[%emt 0:00:02]} 19. Qxd5 {[%emt 0:00:12]} Bb7 {[%emt 0:00:00]} 20. Qd2 {[%emt 0:00:04]} Rbd8 {[%emt 0:00:01]} 21. Qf2 {[%emt 0:00:47]} Bxf4 {[%emt 0:00:02]} 22. Bxc5 {[%emt 0:00:04]} Rd2 {[%emt 0:00:03]} 0-1

[Event "Kupreichik Memorial Rapid 2019"]
[Site "Minsk"]
[Date "2019.08.16"]
[Round "6.20"]
[White "Leinov, Roman"]
[Black "Oblamski, Vladimir"]
[Result "0-1"]
[WhiteElo "2189"]
[BlackElo "2088"]
[Annotator "NA"]
[PlyCount "42"]
[EventDate "2019.08.15"]
[EventType "swiss"]
[EventCountry "BLR"]
[SourceTitle "playchess.com"]
[Source "ChessBase"]
[SourceQuality "1"]
[TimeControl "900+10"]

1. d4 {[%emt 0:00:00]} d5 {[%emt 0:00:00]} 2. Nf3 {[%emt 0:00:00]} e6 {[%emt 0:00:05]} 3. g3 {[%emt 0:00:00]} Nf6 {[%emt 0:00:24]} 4. Bg2 {[%emt 0:00:02]} Be7 {[%emt 0:00:00]} 5. O-O {[%emt 0:00:07]} O-O {[%emt 0:00:02]} 6. c4 {[%emt 0:00:07]} dxc4 {[%emt 0:00:01]} 7. Na3 {[%emt 0:01:15]} Bxa3 {[%emt 0:01:47]} 8. bxa3 {[%emt 0:00:01]} b5 {[%emt 0:00:24]} 9. Ne5 {[%emt 0:00:37]} Nd5 {[%emt 0:00:52]} 10. e4 {[%emt 0:00:06]} Nb6 {[%emt 0:00:01]} 11. d5 {[%emt 0:01:37]} exd5 {[%emt 0:01:01]} 12. exd5 {[%emt 0:00:03]} Bb7 {[%emt 0:00:02]} 13. Nc6 {[%emt 0:00:10]} Qf6 {[%emt 0:01:56]} 14. Bf4 {[%emt 0:07:38]} Nxc6 {[%emt 0:00:27]} 15. dxc6 {[%emt 0:00:07]} Bxc6 {[%emt 0:00:02]} 16. Bh3 {[%emt 0:00:38]} Nd5 {[%emt 0:00:54]} 17. Bd2 {[%emt 0:00:13]} Rad8 {[%emt 0:00:22]} 18. Qc1 {[%emt 0:00:10]} h6 {[%emt 0:00:10]} 19. Ba5 {[%emt 0:00:17]} Qf3 {[%emt 0:01:33]} 20. Bg2 {[%emt 0:00:05]} Qxg2+ {[%emt 0:00:03]} 21. Kxg2 {[%emt 0:00:05]} Nf4+ {[%emt 0:00:00]} 0-1

[Event "Kupreichik Memorial Rapid 2019"]
[Site "Minsk"]
[Date "2019.08.16"]
[Round "6.21"]
[White "Khrapko, Marharyta"]
[Black "Kameko, Aleksandr"]
[Result "1/2-1/2"]
[WhiteElo "2073"]
[BlackElo "2045"]
[Annotator "NA"]
[PlyCount "139"]
[EventDate "2019.08.15"]
[EventType "swiss"]
[EventCountry "BLR"]
[SourceTitle "playchess.com"]
[Source "ChessBase"]
[SourceQuality "1"]
[TimeControl "900+10"]

1. e4 {[%emt 0:00:00]} c5 {[%emt 0:00:00]} 2. Nf3 {[%emt 0:00:00]} Nc6 {[%emt 0:00:00]} 3. d4 {[%emt 0:00:00]} cxd4 {[%emt 0:00:00]} 4. Nxd4 {[%emt 0:00:00]} Nf6 {[%emt 0:00:00]} 5. Nc3 {[%emt 0:00:00]} d6 {[%emt 0:00:00]} 6. Be2 {[%emt 0:00:07]} g6 {[%emt 0:00:00]} 7. Be3 {[%emt 0:00:18]} Bg7 {[%emt 0:00:01]} 8. O-O {[%emt 0:00:03]} O-O {[%emt 0:00:01]} 9. Nb3 {[%emt 0:00:21]} Be6 {[%emt 0:00:26]} 10. f4 {[%emt 0:00:04]} Rc8 {[%emt 0:00:45]} 11. Bf3 {[%emt 0:00:38]} Nd7 {[%emt 0:01:36]} 12. Qd2 {[%emt 0:01:43]} Nb6 {[%emt 0:00:12]} 13. Be2 {[%emt 0:01:11]} Nc4 {[%emt 0:00:15]} 14. Bxc4 {[%emt 0:00:03]} Bxc4 {[%emt 0:00:01]} 15. Rf2 {[%emt 0:00:39]} a5 {[%emt 0:00:37]} 16. Nd4 {[%emt 0:01:08]} Ba6 {[%emt 0:01:07]} 17. Re1 {[%emt 0:02:06]} a4 {[%emt 0:01:02]} 18. Nxc6 {[%emt 0:02:14]} Rxc6 {[%emt 0:00:14]} 19. Nxa4 {[%emt 0:00:02]} Rc4 {[%emt 0:00:42]} 20. Bb6 {[%emt 0:01:02]} Qc8 {[%emt 0:00:14]} 21. b3 {[%emt 0:00:15]} Rxa4 {[%emt 0:00:33]} 22. bxa4 {[%emt 0:00:01]} Bc3 {[%emt 0:00:04]} 23. Qd1 {[%emt 0:00:05]} Bxe1 {[%emt 0:00:10]} 24. Qxe1 {[%emt 0:00:01]} Qc4 {[%emt 0:00:12]} 25. f5 {[%emt 0:00:39]} Qxa4 {[%emt 0:00:22]} 26. fxg6 {[%emt 0:01:26]} hxg6 {[%emt 0:00:05]} 27. h4 {[%emt 0:00:06]} Rc8 {[%emt 0:01:58]} 28. e5 {[%emt 0:00:54]} Qxh4 {[%emt 0:00:51]} 29. exd6 {[%emt 0:00:38]} exd6 {[%emt 0:00:02]} 30. Qe3 {[%emt 0:00:12]} Bb5 {[%emt 0:02:43]} 31. Bd4 {[%emt 0:00:28]} Re8 {[%emt 0:00:41]} 32. Qd2 {[%emt 0:00:02]} Qe4 {[%emt 0:00:38]} 33. Bf6 {[%emt 0:03:06]} Qe1+ {[%emt 0:00:59]} 34. Qxe1 {[%emt 0:00:03]} Rxe1+ {[%emt 0:00:01]} 35. Kh2 {[%emt 0:00:01]} Kf8 {[%emt 0:00:59]} 36. g4 {[%emt 0:00:29]} Ke8 {[%emt 0:00:24]} 37. g5 {[%emt 0:00:05]} Bc4 {[%emt 0:00:11]} 38. a3 {[%emt 0:00:14]} Kd7 {[%emt 0:00:20]} 39. Rd2 {[%emt 0:00:28]} Kc6 {[%emt 0:00:07]} 40. Kg3 {[%emt 0:00:06]} Re3+ {[%emt 0:00:09]} 41. Kf4 {[%emt 0:00:07]} Rxa3 {[%emt 0:00:09]} 42. Be7 {[%emt 0:00:01]} Bd5 {[%emt 0:00:26]} 43. Rd4 {[%emt 0:00:32]} Rf3+ {[%emt 0:00:29]} 44. Kg4 {[%emt 0:00:02]} Rc3 {[%emt 0:00:16]} 45. Rd2 {[%emt 0:00:07]} b5 {[%emt 0:00:13]} 46. Bf6 {[%emt 0:00:07]} Be6+ {[%emt 0:00:26]} 47. Kf4 {[%emt 0:00:07]} Rc4+ {[%emt 0:00:05]} 48. Ke3 {[%emt 0:00:11]} b4 {[%emt 0:00:12]} 49. Rd4 {[%emt 0:00:20]} Rc3+ {[%emt 0:00:24]} 50. Kd2 {[%emt 0:00:03]} Rc4 {[%emt 0:00:51]} 51. Rxc4+ {[%emt 0:00:10]} Bxc4 {[%emt 0:00:01]} 52. Be7 {[%emt 0:00:19]} Kd5 {[%emt 0:00:14]} 53. Bf8 {[%emt 0:00:03]} Bb5 {[%emt 0:00:10]} 54. Be7 {[%emt 0:00:01]} Bd7 {[%emt 0:00:14]} 55. Bf8 {[%emt 0:00:02]} Bf5 {[%emt 0:00:02]} 56. Be7 {[%emt 0:00:02]} Kc5 {[%emt 0:00:09]} 57. Bf8 {[%emt 0:00:20]} Kd5 {[%emt 0:00:10]} 58. Be7 {[%emt 0:00:02]} Ke6 {[%emt 0:00:02]} 59. Bf8 {[%emt 0:00:06]} Be4 {[%emt 0:00:16]} 60. Kc1 {[%emt 0:00:12]} Bd5 {[%emt 0:00:11]} 61. Kd2 {[%emt 0:00:04]} Bc4 {[%emt 0:00:03]} 62. Kd1 {[%emt 0:00:06]} b3 {[%emt 0:00:18]} 63. cxb3 {[%emt 0:00:02]} Bxb3+ {[%emt 0:00:01]} 64. Kd2 {[%emt 0:00:01]} Ba4 {[%emt 0:00:10]} 65. Ke3 {[%emt 0:00:02]} Bc6 {[%emt 0:00:06]} 66. Kd4 {[%emt 0:00:14]} Bb7 {[%emt 0:00:06]} 67. Bg7 {[%emt 0:00:13]} f5 {[%emt 0:00:15]} 68. gxf6 {[%emt 0:00:02]} g5 {[%emt 0:00:02]} 69. Bf8 {[%emt 0:00:40]} g4 {[%emt 0:00:10]} 70. f7 {[%emt 0:00:08] Ke5+ Ke4+} 1/2-1/2

[Event "Kupreichik Memorial Rapid 2019"]
[Site "Minsk"]
[Date "2019.08.16"]
[Round "6.22"]
[White "Zverev, Lev"]
[Black "Vashchilov, Sergey"]
[Result "0-1"]
[WhiteElo "1881"]
[BlackElo "2162"]
[Annotator "NA"]
[PlyCount "45"]
[EventDate "2019.08.15"]
[EventType "swiss"]
[EventCountry "BLR"]
[SourceTitle "playchess.com"]
[Source "ChessBase"]
[SourceQuality "1"]
[TimeControl "900+10"]

1. e4 {[%emt 0:00:00]} e6 {[%emt 0:00:00]} 2. d4 {[%emt 0:00:00]} d5 {[%emt 0:00:00]} 3. Nc3 {[%emt 0:00:00]} Bb4 {[%emt 0:00:00]} 4. a3 {[%emt 0:00:00]} Bxc3+ 5. bxc3 {[%emt 0:00:02]} dxe4 {[%emt 0:00:04]} 6. Qg4 {[%emt 0:00:02]} Nf6 {[%emt 0:00:05]} 7. Qxg7 {[%emt 0:00:02]} Rg8 {[%emt 0:00:01]} 8. Qh6 {[%emt 0:00:04]} Rg6 {[%emt 0:00:20]} 9. Qe3 {[%emt 0:00:05]} Nc6 {[%emt 0:00:28]} 10. Ne2 {[%emt 0:00:06]} Ne7 {[%emt 0:00:02]} 11. c4 {[%emt 0:00:12]} Nf5 {[%emt 0:00:15]} 12. Qc3 {[%emt 0:00:01]} b6 {[%emt 0:00:40]} 13. g3 {[%emt 0:00:02]} Bb7 {[%emt 0:00:15]} 14. Bg2 {[%emt 0:00:02]} Nh4 {[%emt 0:01:02]} 15. gxh4 {[%emt 0:00:26]} Rxg2 {[%emt 0:00:04]} 16. Be3 {[%emt 0:00:18]} Ng4 {[%emt 0:02:00]} 17. O-O-O {[%emt 0:00:48]} Qxh4 {[%emt 0:00:25]} 18. Rdf1 {[%emt 0:03:02]} O-O-O {[%emt 0:00:46]} 19. Rfg1 {[%emt 0:00:48]} Nxe3 {[%emt 0:00:44]} 20. Qxe3 {[%emt 0:00:58]} Qxf2 {[%emt 0:00:24]} 21. Kd2 {[%emt 0:00:05]} Rxd4+ {[%emt 0:01:55]} 22. Qxd4 {[%emt 0:00:23]} Qxd4+ {[%emt 0:00:03]} 23. Ke1 0-1

[Event "Kupreichik Memorial Rapid 2019"]
[Site "Minsk"]
[Date "2019.08.16"]
[Round "6.23"]
[White "Kolosovskaya, Olga"]
[Black "Naumovich, Yaroslav"]
[Result "0-1"]
[WhiteElo "1719"]
[BlackElo "1868"]
[Annotator "NA"]
[PlyCount "150"]
[EventDate "2019.08.15"]
[EventType "swiss"]
[EventCountry "BLR"]
[SourceTitle "playchess.com"]
[Source "ChessBase"]
[SourceQuality "1"]
[TimeControl "900+10"]

1. d4 {[%emt 0:00:00]} Nf6 {[%emt 0:00:00]} 2. c4 {[%emt 0:00:00]} e6 {[%emt 0:00:00]} 3. g3 {[%emt 0:00:00]} d5 {[%emt 0:00:00]} 4. Nf3 {[%emt 0:00:00]} Be7 {[%emt 0:00:00]} 5. Bg2 {[%emt 0:00:00]} O-O {[%emt 0:00:02]} 6. O-O {[%emt 0:00:00]} b6 {[%emt 0:00:05]} 7. Nc3 {[%emt 0:00:01]} Bb7 {[%emt 0:00:01]} 8. Ne5 {[%emt 0:00:02]} Nbd7 {[%emt 0:00:03]} 9. Qa4 {[%emt 0:00:02]} c5 {[%emt 0:01:54]} 10. Nxd7 {[%emt 0:04:02]} Nxd7 {[%emt 0:01:00]} 11. cxd5 {[%emt 0:00:44]} cxd4 {[%emt 0:00:03]} 12. Qxd4 {[%emt 0:00:31]} Bf6 {[%emt 0:00:53]} 13. Qd1 {[%emt 0:00:02]} Bxc3 {[%emt 0:01:02]} 14. bxc3 {[%emt 0:00:51]} Bxd5 {[%emt 0:00:02]} 15. Bxd5 exd5 {[%emt 0:00:02]} 16. Qxd5 {[%emt 0:00:07]} Rc8 {[%emt 0:00:01]} 17. Rd1 {[%emt 0:01:26]} Nc5 {[%emt 0:01:59]} 18. Qxd8 {[%emt 0:00:03]} Rfxd8 {[%emt 0:00:01]} 19. Rxd8+ {[%emt 0:00:03]} Rxd8 {[%emt 0:00:01]} 20. Be3 {[%emt 0:00:17]} Ne4 {[%emt 0:02:04]} 21. Bd4 {[%emt 0:00:03]} Nd2 {[%emt 0:00:14]} 22. Rd1 {[%emt 0:00:39]} Nc4 {[%emt 0:00:01]} 23. Kf1 {[%emt 0:00:12]} f6 {[%emt 0:00:07]} 24. e3 {[%emt 0:00:06]} Kf7 {[%emt 0:00:14]} 25. Ke2 {[%emt 0:00:01]} Ke6 {[%emt 0:00:42]} 26. Rb1 {[%emt 0:00:11]} Rc8 {[%emt 0:00:58]} 27. Rb4 {[%emt 0:00:14]} Nd6 {[%emt 0:01:12]} 28. Kd3 {[%emt 0:00:31]} Rc7 {[%emt 0:02:07]} 29. f3 {[%emt 0:02:29]} g6 {[%emt 0:00:46]} 30. Rb1 {[%emt 0:01:21]} Rd7 {[%emt 0:01:24]} 31. Ra1 {[%emt 0:00:16]} Nb7 {[%emt 0:00:10]} 32. Ke2 {[%emt 0:00:16]} Rc7 {[%emt 0:00:19]} 33. h4 {[%emt 0:00:39]} Rc8 {[%emt 0:01:10]} 34. g4 {[%emt 0:00:37]} Nd6 {[%emt 0:00:18]} 35. g5 {[%emt 0:01:06]} f5 {[%emt 0:00:03]} 36. Rh1 {[%emt 0:00:25]} Rc4 {[%emt 0:00:11]} 37. Kd3 {[%emt 0:00:13]} Ra4 {[%emt 0:00:01]} 38. Rh2 {[%emt 0:00:03]} Nf7 {[%emt 0:00:13]} 39. Rb2 {[%emt 0:00:58]} Nd6 {[%emt 0:00:12]} 40. Re2 {[%emt 0:00:31]} Ra5 {[%emt 0:00:24]} 41. e4 {[%emt 0:00:17]} f4 {[%emt 0:00:20]} 42. Rb2 {[%emt 0:00:11]} Ra4 {[%emt 0:00:21]} 43. Rc2 {[%emt 0:00:17]} Nc4 {[%emt 0:00:12]} 44. Rh2 {[%emt 0:00:14]} Nd6 {[%emt 0:00:17]} 45. Rg2 {[%emt 0:00:08]} Ra5 {[%emt 0:00:11]} 46. Rh2 {[%emt 0:00:14]} Nf7 {[%emt 0:00:08]} 47. Rb2 {[%emt 0:00:20]} Nd6 {[%emt 0:00:03]} 48. Bg1 {[%emt 0:01:14]} Ra4 {[%emt 0:00:32]} 49. Bd4 {[%emt 0:00:18]} Ra5 {[%emt 0:00:06]} 50. Rh2 {[%emt 0:00:02]} Nf7 {[%emt 0:00:01]} 51. Kc4 {[%emt 0:00:10]} Nd6+ {[%emt 0:00:06]} 52. Kb3 {[%emt 0:00:15]} Rb5+ {[%emt 0:00:05]} 53. Kc2 {[%emt 0:00:07]} Nc4 {[%emt 0:00:05]} 54. Kc1 {[%emt 0:00:02]} Ra5 {[%emt 0:00:06]} 55. Kb1 {[%emt 0:00:08]} Rb5+ {[%emt 0:00:02]} 56. Ka1 {[%emt 0:00:06]} a5 {[%emt 0:00:17]} 57. Rc2 {[%emt 0:00:23]} a4 {[%emt 0:00:04]} 58. Bf2 {[%emt 0:00:25]} a3 {[%emt 0:00:09]} 59. Bd4 {[%emt 0:00:13]} Ra5 {[%emt 0:00:41]} 60. Rc1 {[%emt 0:00:11]} Nd2 {[%emt 0:00:20]} 61. Bxb6 {[%emt 0:00:07]} Rb5 {[%emt 0:00:01]} 62. Bc7 {[%emt 0:00:15]} Nxf3 {[%emt 0:00:10]} 63. Bxf4 {[%emt 0:00:02]} Nxh4 {[%emt 0:00:13]} 64. c4 {[%emt 0:00:12]} Rc5 {[%emt 0:00:16]} 65. Rc3 {[%emt 0:00:12]} Ng2 {[%emt 0:00:04]} 66. Bg3 {[%emt 0:00:01]} Rxg5 {[%emt 0:00:03]} 67. Rxa3 {[%emt 0:00:03]} h5 {[%emt 0:00:12]} 68. Ra6+ {[%emt 0:00:02]} Kd7 {[%emt 0:00:03]} 69. Bh4 {[%emt 0:00:20]} Nxh4 {[%emt 0:00:02]} 70. Kb2 {[%emt 0:00:07]} Nf3 {[%emt 0:00:02]} 71. Kc3 {[%emt 0:00:01]} h4 {[%emt 0:00:03]} 72. Ra7+ {[%emt 0:00:02]} Kd6 {[%emt 0:00:03]} 73. Rh7 {[%emt 0:00:02]} Rh5 {[%emt 0:00:03]} 74. Rg7 {[%emt 0:00:03]} Rh6 {[%emt 0:00:01]} 75. Rf7 {[%emt 0:00:02]} h3 {[%emt 0:00:06]} 0-1